<?xml version="1.0" encoding="UTF-8"?>
<collection xmlns="http://www.loc.gov/MARC21/slim">
 <record>
  <leader>00948nam a22002175a 4500</leader>
  <controlfield tag="001">CEM.cems020810</controlfield>
  <controlfield tag="008">240221s2011####ag############000#0#und#d</controlfield>
  <controlfield tag="005">20240221123004.0</controlfield>
  <datafield tag="245" ind1="1" ind2="0">
   <subfield code="a">Sapo azul /</subfield>
   <subfield code="c">Fabián Sevilla ; ilustrado por mEy!.</subfield>
  </datafield>
  <datafield tag="250" ind1=" " ind2=" ">
   <subfield code="a">1a ed. 1a reimp.</subfield>
  </datafield>
  <datafield tag="260" ind1=" " ind2=" ">
   <subfield code="a">Buenos Aires :</subfield>
   <subfield code="b">Del naranjo,</subfield>
   <subfield code="c">2011.</subfield>
  </datafield>
  <datafield tag="300" ind1=" " ind2=" ">
   <subfield code="a">64 p.</subfield>
  </datafield>
  <datafield tag="490" ind1="1" ind2=" ">
   <subfield code="a">La cigüeña solitaria</subfield>
  </datafield>
  <datafield tag="520" ind1=" " ind2=" ">
   <subfield code="a">Adalesia es muy caprichosa, pero además es princesa, entonces sus caprichos son órdenes. Y como se le ha metido entre ceja y ceja que debe encontrar un sapo azul para darle un beso, todo el reino se ha movilizado en busca del sapo. Claro que, si hay algo difícil de verdad, es encontrar un sapo azul.</subfield>
  </datafield>
  <datafield tag="020" ind1=" " ind2=" ">
   <subfield code="a">9789871343324</subfield>
  </datafield>
  <datafield tag="100" ind1="1" ind2=" ">
   <subfield code="a">Sevilla, Fabián.</subfield>
  </datafield>
  <datafield tag="700" ind1="1" ind2=" ">
   <subfield code="a">mEy!; il.</subfield>
  </datafield>
  <datafield tag="653" ind1=" " ind2=" ">
   <subfield code="a">Novela infantil</subfield>
  </datafield>
  <datafield tag="653" ind1=" " ind2=" ">
   <subfield code="a">Literatura infantil</subfield>
  </datafield>
  <datafield tag="653" ind1=" " ind2=" ">
   <subfield code="a">Literatura argentina</subfield>
  </datafield>
  <datafield tag="859" ind1=" " ind2=" ">
   <subfield code="a">CEMS</subfield>
   <subfield code="b">BIB. CEMS - Inicial y Primaria</subfield>
   <subfield code="h">A863.4</subfield>
   <subfield code="i">Se84-1</subfield>
   <subfield code="k">IP</subfield>
   <subfield code="p">6190</subfield>
   <subfield code="t">Ej.1</subfield>
  </datafield>
 </record>
</collection>
